FAO yearbook fishery statistics: Aquaculture production; V92/1 = FAO annuaire statistiques de pêches: Production de l'aquaculture; Vol.92/1 = FAO anuario producción de acuicultura; Vol.92/1

Spremljeno u:
Bibliografski detalji
Glavni autor: FAO
Format: Knjiga
Jezik:Undetermined
Izdano: Rome, Italy FAO 2003
Teme:
Oznake: Dodaj oznaku
Bez oznaka, Budi prvi tko označuje ovaj zapis!
Thư viện lưu trữ: Trung tâm Học liệu Trường Đại học Cần Thơ
LEADER 00613nam a2200181Ia 4500
001 CTU_58489
008 210402s9999 xx 000 0 und d
082 |a 338.1 
082 |b F218/Vol.92/1 
100 |a FAO 
245 0 |a FAO yearbook fishery statistics: Aquaculture production; V92/1 = FAO annuaire statistiques de pêches: Production de l'aquaculture; Vol.92/1 = FAO anuario producción de acuicultura; Vol.92/1 
260 |a Rome, Italy 
260 |b FAO 
260 |c 2003 
650 |a fishery 
650 |x economic aspects 
904 |i Minh 
980 |a Trung tâm Học liệu Trường Đại học Cần Thơ